000 01545nam a2200337 c 4500
003 BLK
005 20240229004024.0
008 180411b bul|||||r ||||||| ||bul||
010 _aKNG00215774000
020 _a978-954-09-1172-4
_bиздат.: Захарий Стоянов
040 _aBLK
041 _aBUL
_cBUL
072 7 _2bullib
_aН84
_xБългарска художествена литература Н
080 _aБългарска литература
_b821.163.2
_x-8
_z821.163.2-8
100 1 _aРосманов, Венци
_eпърви автор
_9116994
139 _aРосманов, Венци
_bР 86
245 1 0 _aВълча песен
_cВенци Росманов; ред. Иван Гранитски.
257 _aBGR
260 София
_bЗахарий Стоянов
_c2017
_fСофия : Миг принт
380 _aX
490 1 _aСъвременна българска поезия
500 _aПоезия на възторженото познание / Иван Гранитски: с. 5-10
659 _aН
700 1 _aГранитски, Иван
_qДимитров, Иван Йорданов
_d1953-
_gЖурналист, литературен критик, теоретик и историк, поет, публицист и издател.
_eред.
_955767
852 _aЦб 289068
856 4 _qpdf
_u
856 4 _qpdf
_u
942 _cKNG
_n0
_02
944 _aCR
_c05.02.2018
_k
_lCRON CRON
944 _aED
_c16.03.2018
_kГрета_Цуфелде
999 _c206042
_d206042